Technologija električeskoj svarki metallov i splavov plavlenijem
Saved in:
| Format: | Book |
|---|---|
| Language: | Russian |
| Published: |
Moskva :
Mašinostrojenije,
1974
|
| Subjects: | |
| Tags: |
No Tags, Be the first to tag this record!
|
MARC
| LEADER | 00000nam a22000003a 4500 | ||
|---|---|---|---|
| 001 | stu85463 | ||
| 005 | 20141121210640.6 | ||
| 008 | 040330s1974----xxr-----------------rus-d | ||
| 040 | |a STU |b slo | ||
| 041 | 0 | |a rus | |
| 044 | |a xxr | ||
| 080 | |a 621.791.7 |7 stu_us_auth*stu3037 | ||
| 245 | |a Technologija električeskoj svarki metallov i splavov plavlenijem | ||
| 260 | |a Moskva : |b Mašinostrojenije, |c 1974 | ||
| 300 | |a 767 s | ||
| 650 | 7 | |a zváranie elektrickým prúdom |2 stusub | |
| 996 | |b 284J020325 |c J*44558 |l JJSK |s A |a 24 |w stu85463_0001 | ||